| 000 | 00612nam a2200181 a 4500 | ||
|---|---|---|---|
| 005 | 20140311163041.0 | ||
| 008 | 111122s19uu xx 00 eng d | ||
| 020 | _a9780521729796 | ||
| 050 |
_aPE 1478 _b.T37 2009 |
||
| 100 | _aTaylor, Gordon | ||
| 245 |
_aA student's writing guide : _bhow to plan and write successful essays / _cGordon Taylor. |
||
| 260 |
_aNew York : _bCambridge University Press, _c2009. |
||
| 300 |
_a266 p. : _c22 cm. |
||
| 650 |
_aEnglish language _xRhetoric _xhandbooks, manuals, etc . |
||
| 650 |
_aReport writing _xHandbooks, manuals, etc. |
||
| 942 |
_cBK _2lcc _kFOR |
||
| 999 |
_c39748 _d39748 |
||